[Event "Santo Domingo op 08"]
[Site "Santo Domingo"]
[Date "2019.08.14"]
[Round "4"]
[White "Hernandez Terrero, Daniel Alberto"]
[Black "Steel Stephen, Daniel Alberto"]
[Result "1-0"]
[WhiteElo "2004"]
[BlackElo "1867"]
[PlyCount "47"]
[EventDate "2019.08.12"]
[EventType "swiss"]
[EventRounds "8"]
[EventCountry "DOM"]
[SourceTitle "EXT 2020"]
[Source "ChessBase"]
[SourceDate "2019.10.17"]
[SourceVersion "1"]
[SourceVersionDate "2019.10.17"]
[SourceQuality "1"]

1. e4 c6 2. d4 d5 3. Nc3 dxe4 4. Nxe4 Nd7 5. Bc4 Ngf6 6. Ng5 e6 7. Qe2 Nb6 8. Bb3 Qxd4 9. c3 Qd6 10. Be3 Qc7 11. Bd4 Qf4 12. N1h3 Qc7 13. 0-0-0 Bd6 14. Rhe1 Nbd5 15. g3 0-0 16. f4 Re8 17. c4 e5 18. fxe5 Bb4 19. cxd5 Bxe1 20. d6 Bg4 21. Qxe1 Qd7 22. Bxf7+ Kh8 23. exf6 g6 24. Be6 1-0

[Event "Santo Domingo op11"]
[Site "Santo Domingo"]
[Date "2017.11.24"]
[Round "5"]
[White "Hernandez Terrero, Daniel Alberto"]
[Black "Puntier Andujar, Fausto Jiovanny"]
[Result "1-0"]
[WhiteElo "1974"]
[BlackElo "2140"]
[PlyCount "97"]
[EventDate "2017.11.17"]
[EventType "swiss"]
[EventRounds "8"]
[EventCountry "DOM"]
[SourceTitle "CBM 181 Extra"]
[Source "ChessBase"]
[SourceDate "2017.12.12"]
[SourceVersion "1"]
[SourceVersionDate "2017.12.12"]
[SourceQuality "1"]

1. e4 e6 2. d4 d5 3. exd5 exd5 4. Bd3 Nc6 5. c3 Bd6 6. Nf3 Nge7 7. 0-0 0-0 8. Bg5 f6 9. Bh4 Nf5 10. Qc2 Nce7 11. Nbd2 Nxh4 12. Bxh7+ Kh8 13. Nxh4 f5 14. Bg6 Rf6 15. Qd1 Bxh2+ 16. Kh1 Nxg6 17. Qh5+ Kg8 18. Nxg6 Qd6 19. Qxh2 Qxh2+ 20. Kxh2 Rxg6 21. Rfe1 Be6 22. Re5 Kf7 23. Rae1 Rh8+ 24. Kg1 Rh4 25. Nf3 Re4 26. R5xe4 dxe4 27. Ne5+ Kf6 28. Nxg6 Kxg6 29. f3 Bxa2 30. fxe4 fxe4 31. Rxe4 Kf6 32. Re5 b6 33. Kf2 a5 34. Ke3 Bc4 35. Kd2 a4 36. Ke3 g5 37. g3 c6 38. Re8 b5 39. Kf3 Bb3 40. Re1 Kf5 41. Re8 Bd5+ 42. Kf2 Kg4 43. Rf8 Bh1 44. Rf6 Bd5 45. Rg6 Kf5 46. Rd6 Ke4 47. Ke2 g4 48. Rf6 Bc4+ 49. Kd2 1-0

[Event "Santo Domingo Guzman Cup"]
[Site "Santo Domingo"]
[Date "2017.10.28"]
[Round "7"]
[White "Barjan Pinedo, Jose Antonio"]
[Black "Hernandez Terrero, Daniel Alberto"]
[Result "0-1"]
[WhiteElo "2097"]
[BlackElo "1974"]
[PlyCount "102"]
[EventDate "2017.10.20"]
[EventType "swiss"]
[EventRounds "8"]
[EventCountry "DOM"]
[SourceTitle "CBM 181 Extra"]
[Source "ChessBase"]
[SourceDate "2017.12.12"]
[SourceVersion "1"]
[SourceVersionDate "2017.12.12"]
[SourceQuality "1"]

1. e4 e5 2. Nf3 Nc6 3. Bc4 Be7 4. c3 d6 5. d4 Nf6 6. d5 Nb8 7. Bd3 Bg4 8. Be3 Nbd7 9. Nbd2 c6 10. c4 Qa5 11. 0-0 Nc5 12. Nb3 Nxb3 13. axb3 Qc7 14. Bxa7 0-0 15. Be3 Rxa1 16. Qxa1 Nxe4 17. Bxe4 f5 18. Nd2 fxe4 19. Nxe4 cxd5 20. cxd5 Qc2 21. Nd2 Qg6 22. Kh1 h5 23. Qe1 Qd3 24. Qb1 Qxd5 25. Qe4 Qxe4 26. Nxe4 d5 27. Bc5 Bxc5 28. Nxc5 b6 29. Na4 Rf6 30. Kg1 d4 31. b4 e4 32. h3 Bd7 33. b3 Rd6 34. Rb1 Kf7 35. Kf1 Kf6 36. Ke2 Bb5+ 37. Kd2 Ke5 38. Nb2 Rf6 39. Ke1 Rc6 40. Kd2 g5 41. Nd1 Bf1 42. g4 h4 43. Nb2 Bb5 44. Nd1 Bd3 45. Rb2 Kf4 46. Ra2 Kf3 47. b5 Bxb5 48. Ke1 Bd3 49. Kd2 Kg2 50. Ke1 Kxh3 51. f3 e3 0-1

[Event "Santo Domingo Guzman Cup"]
[Site "Santo Domingo"]
[Date "2017.10.27"]
[Round "5"]
[White "Hernandez Terrero, Daniel Alberto"]
[Black "Abreu Jean, Carlos Paul"]
[Result "0-1"]
[WhiteElo "1974"]
[BlackElo "2281"]
[PlyCount "72"]
[EventDate "2017.10.20"]
[EventType "swiss"]
[EventRounds "8"]
[EventCountry "DOM"]
[SourceTitle "CBM 181 Extra"]
[Source "ChessBase"]
[SourceDate "2017.12.12"]
[SourceVersion "1"]
[SourceVersionDate "2017.12.12"]
[SourceQuality "1"]

1. e4 c5 2. Nf3 e6 3. d4 cxd4 4. Nxd4 a6 5. Nc3 b5 6. Be3 Bb7 7. Bd3 Nc6 8. 0-0 Qc7 9. Re1 Be7 10. Qd2 b4 11. Nce2 Nf6 12. Ng3 h5 13. f3 h4 14. Nge2 h3 15. g3 Ne5 16. Rac1 d5 17. exd5 Nxd5 18. Bf4 Nxf4 19. Qxf4 Qc5 20. Be4 Bg5 21. Qxg5 Nxf3+ 22. Bxf3 Qxg5 23. Bxb7 0-0 24. Bxa8 Qe3+ 25. Kf1 Rxa8 26. Rcd1 Qe4 27. Kf2 Qg2+ 28. Ke3 Qd5 29. b3 Rc8 30. Rd2 Qg5+ 31. Kd3 e5 32. Nf3 Rd8+ 33. Ke4 f5+ 34. Kxe5 Qe3+ 35. Kxf5 Qxf3+ 36. Nf4 Rxd2 0-1

[Event "Santo Domingo Guzman Cup"]
[Site "Santo Domingo"]
[Date "2017.10.21"]
[Round "3"]
[White "Hernandez Terrero, Daniel Alberto"]
[Black "Arvelo Leo, Gian Carlo"]
[Result "1-0"]
[WhiteElo "1974"]
[BlackElo "2222"]
[PlyCount "109"]
[EventDate "2017.10.20"]
[EventType "swiss"]
[EventRounds "8"]
[EventCountry "DOM"]
[SourceTitle "CBM 181 Extra"]
[Source "ChessBase"]
[SourceDate "2017.12.12"]
[SourceVersion "1"]
[SourceVersionDate "2017.12.12"]
[SourceQuality "1"]

1. e4 c5 2. Nf3 g6 3. d4 cxd4 4. Nxd4 Bg7 5. Bc4 Nc6 6. Be3 Nf6 7. f3 0-0 8. Qd2 d5 9. exd5 Na5 10. Na3 Nxc4 11. Nxc4 Qxd5 12. b3 Rd8 13. 0-0-0 Bd7 14. Bh6 Rac8 15. Bxg7 Kxg7 16. Rhe1 Qc5 17. Re5 Nd5 18. g4 e6 19. h4 b5 20. Nf5+ Kh8 21. Rxd5 exd5 22. Qc3+ d4 23. Rxd4 Qf8 24. Rxd7+ f6 25. Rxd8 Qxd8 26. Nfd6 Rc7 27. Qd4 Rd7 28. Nf7+ Kg8 29. Nxd8 Rxd4 30. Nc6 Rf4 31. Nd2 h5 32. gxh5 gxh5 33. Nxa7 b4 34. Nc6 Rxh4 35. Ne4 Kg7 36. Kd2 Rh2+ 37. Kd3 h4 38. Nxb4 Rg2 39. Ke3 h3 40. Nf2 h2 41. Nbd3 Rg1 42. c4 h1Q 43. Nxh1 Rxh1 44. Kd4 Ra1 45. a4 Kf7 46. c5 Ke7 47. Kc4 Ke6 48. c6 Kd6 49. Kb5 Rd1 50. Nc5 Rf1 51. a5 Rxf3 52. a6 Rh3 53. Kb6 Rh7 54. Nb7+ Kd5 55. c7 1-0

[Event "Santo Domingo Inmortales op"]
[Site "Santo Domingo"]
[Date "2016.11.18"]
[Round "1"]
[White "Eusebio Perez, Hector Eduardo"]
[Black "Hernandez Terrero, Daniel Alberto"]
[Result "1-0"]
[WhiteElo "2142"]
[BlackElo "2007"]
[PlyCount "87"]
[EventDate "2016.11.18"]
[EventType "swiss"]
[EventRounds "8"]
[EventCountry "DOM"]
[SourceTitle "EXT 2018"]
[Source "ChessBase"]
[SourceDate "2017.10.13"]
[SourceVersion "1"]
[SourceVersionDate "2017.10.13"]
[SourceQuality "1"]

1. e4 e5 2. Nf3 Nc6 3. Bb5 a6 4. Ba4 Nf6 5. 0-0 Be7 6. Re1 b5 7. Bb3 d6 8. c3 Bg4 9. h3 Bh5 10. d3 Qd7 11. Nbd2 a5 12. a4 b4 13. Nf1 Nd8 14. Ng3 Bg6 15. d4 bxc3 16. bxc3 Qc6 17. Bd2 0-0 18. Qe2 exd4 19. cxd4 Re8 20. Qb5 Bf8 21. e5 dxe5 22. dxe5 Nh5 23. Nxh5 Bxh5 24. Bd5 Qxb5 25. axb5 Rb8 26. Rxa5 Bc5 27. g4 Bg6 28. Be4 Nb7 29. Ra4 Bxe4 30. Raxe4 Re6 31. Rc4 Bb6 32. Be3 Na5 33. Rc3 h6 34. Kg2 Bxe3 35. Rexe3 Rxb5 36. Nd4 Rexe5 37. Nxb5 Rxb5 38. Rxc7 Rb7 39. Re8+ Kh7 40. Rxb7 Nxb7 41. Re7 Nd8 42. Rd7 Ne6 43. Rxf7 Kg6 44. Ra7 1-0

[Event "Santo Domingo La Raza op"]
[Site "Santo Domingo"]
[Date "2015.10.21"]
[Round "8"]
[White "Franco Rodriguez, Andres Avelino"]
[Black "Hernandez Terrero, Daniel Alberto"]
[Result "1-0"]
[WhiteElo "2089"]
[BlackElo "2013"]
[PlyCount "61"]
[EventDate "2015.10.12"]
[EventType "swiss"]
[EventRounds "8"]
[EventCountry "DOM"]
[SourceTitle "CBM 169 Extra"]
[Source "ChessBase"]
[SourceDate "2015.12.18"]
[SourceVersion "1"]
[SourceVersionDate "2015.12.18"]
[SourceQuality "1"]

1. d4 Nf6 2. Nf3 d6 3. c4 Bg4 4. h3 Bh5 5. Qb3 Qc8 6. Nc3 Nbd7 7. g4 Bg6 8. Nh4 e5 9. Bg2 exd4 10. Bxb7 Qd8 11. Bxa8 Qxa8 12. Nd5 Nxd5 13. cxd5 Be4 14. f3 Bxd5 15. Qd3 c5 16. Bf4 Qd8 17. Nf5 Qf6 18. Qa6 Kd8 19. h4 Qe6 20. Nxd6 Bxd6 21. Qxd6 Re8 22. Qxe6 Rxe6 23. Kf2 Nb6 24. Rad1 Bc4 25. Rd2 Kd7 26. Bb8 a6 27. b3 Bd5 28. Rc1 Rc6 29. Rdc2 Kc8 30. Be5 f6 31. Bxd4 1-0

[Event "Santo Domingo La Raza op"]
[Site "Santo Domingo"]
[Date "2015.10.19"]
[Round "5"]
[White "Hernandez Terrero, Daniel Alberto"]
[Black "Beltre, Pedro"]
[Result "1-0"]
[WhiteElo "2013"]
[BlackElo "1841"]
[PlyCount "59"]
[EventDate "2015.10.12"]
[EventType "swiss"]
[EventRounds "8"]
[EventCountry "DOM"]
[SourceTitle "CBM 169 Extra"]
[Source "ChessBase"]
[SourceDate "2015.12.18"]
[SourceVersion "1"]
[SourceVersionDate "2015.12.18"]
[SourceQuality "1"]

1. e4 c5 2. Nf3 d6 3. c3 Nf6 4. Qc2 Qc7 5. Be2 e6 6. 0-0 a6 7. d3 Be7 8. Bg5 Nbd7 9. Nbd2 b5 10. Rac1 Bb7 11. Rfe1 Rc8 12. Nf1 d5 13. Ng3 h6 14. Bd2 dxe4 15. dxe4 Bd6 16. Bf1 g5 17. Rcd1 g4 18. Nh4 Bf4 19. Qc1 Bxg3 20. hxg3 Nxe4 21. Bxh6 c4 22. Rd4 Ndf6 23. Bg7 Rh5 24. Qc2 Nxg3 25. Bxf6 Nxf1 26. Rxf1 g3 27. Rfd1 gxf2+ 28. Qxf2 Be4 29. Qe2 Rh6 30. Bg5 1-0

[Event "DOM-ch"]
[Site "Santo Domingo"]
[Date "2015.05.09"]
[Round "7"]
[White "Diaz Garcia, Roberto"]
[Black "Hernandez Terrero, Daniel Alberto"]
[Result "1-0"]
[WhiteElo "1924"]
[BlackElo "2043"]
[PlyCount "69"]
[EventDate "2015.05.01"]
[EventType "swiss"]
[EventRounds "11"]
[EventCountry "DOM"]
[SourceTitle "CBM 166 Extra"]
[Source "ChessBase"]
[SourceDate "2015.06.18"]
[SourceVersion "1"]
[SourceVersionDate "2015.06.18"]
[SourceQuality "1"]

1. e4 e5 2. Nf3 Nc6 3. d4 exd4 4. Nxd4 Qf6 5. Be3 Bc5 6. c3 Nge7 7. Bc4 0-0 8. 0-0 Ne5 9. Be2 d6 10. Qd2 Qg6 11. f3 Be6 12. f4 Nc4 13. Bxc4 Bxc4 14. f5 Qh5 15. Rf3 d5 16. b3 Ba6 17. f6 gxf6 18. exd5 Nxd5 19. Bh6 Kh8 20. Bxf8 Rxf8 21. Kh1 b5 22. Rf5 Qg6 23. Rxd5 Bxd4 24. Rxd4 Bb7 25. Na3 c5 26. Rd7 Bc6 27. Rd6 Be4 28. Rg1 h5 29. Rd8 Rxd8 30. Qxd8+ Kh7 31. Qd2 h4 32. Qf4 Kg7 33. Qxh4 Kf8 34. Qg3 Qf5 35. Nxb5 1-0